00600 2200229 4500001002100000005001500021035002000036007000300056008004100059020002200100082000800122084001400130100001300144245004700157250001000204260003600214300003300250650003600283504002900319990001100348990001100359INLIS00000000000335920090102121731 a0010-0109000022ta090102 g 0 ind  a978-602-5568-22-0 a658 a658 DAR m0 aDARYANTO1 aManajemen Laboratorium Sekolah /cDaryanto acet.1 aYogyakarta :bGava Media,c2018 ax, 307 hlm :bilus. ;c23 cm 4aMANAJEMEN. LABORATORIUM SEKOLAH aBibliografi: hlm 301-307 a6650 a a6650 b